Fighting fit forever / (Record no. 135001)

MARC details
000 -LEADER
fixed length control field 00684nam a22002297a 4500
005 - DATE AND TIME OF LATEST TRANSACTION
control field 20170124110238.0
010 ## - LIBRARY OF CONGRESS CONTROL NUMBER
LC control number A-943388
020 ## - INTERNATIONAL STANDARD BOOK NUMBER
Terms of availability 00.00
International Standard Book Number 8185361355
035 ## - SYSTEM CONTROL NUMBER
System control number A-943388
037 ## - SOURCE OF ACQUISITION
Source of stock number/acquisition Cen Lib/Ret
040 ## - CATALOGING SOURCE
Original cataloging agency DPL
Language of cataloging EN
082 ## - DEWEY DECIMAL CLASSIFICATION NUMBER
Classification number 613.711
Item number DIN
100 ## - MAIN ENTRY--PERSONAL NAME
Personal name Dinshaw, Sensei Rarokh
9 (RLIN) 91611
245 ## - TITLE STATEMENT
Title Fighting fit forever /
Statement of responsibility, etc by Sensei Rarokh dinshaw
260 ## - PUBLICATION, DISTRIBUTION, ETC. (IMPRINT)
Place of publication, distribution, etc Bombay
Name of publisher, distributor, etc The Marine Sports
Date of publication, distribution, etc 1977
270 ## - ADDRESS
City Bombay
Address 63A, Gokhale road , Dadar
Postal code 400028
300 ## - PHYSICAL DESCRIPTION
Extent 129p.:
Dimensions 21cm(Hb)
Other physical details ill.
500 ## - GENERAL NOTE
General note Includes index
650 ## - SUBJECT ADDED ENTRY--TOPICAL TERM
Topical term or geographic name as entry element Fight training
9 (RLIN) 91612
650 ## - SUBJECT ADDED ENTRY--TOPICAL TERM
Topical term or geographic name as entry element Fight training-- exercise
9 (RLIN) 91613
942 ## - ADDED ENTRY ELEMENTS (KOHA)
Source of classification or shelving scheme Dewey Decimal Classification
Koha item type English Books
Classification part 239
Call number suffix DAS
Holdings
Withdrawn status Lost status Damaged status Not for loan Home library Current library Date acquired Source of acquisition Cost, normal purchase price Total Checkouts Full call number Barcode Date last seen Copy number Cost, replacement price Price effective from Koha item type Public note Source of classification or shelving scheme
Written off       Central Library Central Library 23/09/2015 Cen Lib/Ref 0.00   613.711 DIN A-943388 23/09/2015 1 0.00 23/09/2015 English Books Written off on approval by DLB (By Circulation); dtd 15-06-2023  
        Central Library Central Library 08/11/2016   0.00   239 DAS A-943371 08/11/2016 2 0.00 08/11/2016 English Books   Dewey Decimal Classification

© Delhi Public Library
Hit Counter
free hit counter